Η τραγική ποίηση των αρχαίων Ελλήνων
Αποθηκεύτηκε σε:
| Κύριος συγγραφέας: | |
|---|---|
| Άλλοι συγγραφείς: | |
| Μορφή: | Βιβλίο |
| Γλώσσα: | Greek German |
| Δημοσίευση: |
Αθήνα :
Μορφωτικό Ίδρυμα Εθνικής Τραπέζης,
1997.
|
| Θέματα: | |
| Ετικέτες: |
Προσθήκη ετικέτας
Δεν υπάρχουν, Καταχωρήστε ετικέτα πρώτοι!
|
MARC
| LEADER | 00000cam a2200000 i 4500 | ||
|---|---|---|---|
| 001 | 1/86451 | ||
| 008 | 950828s1997 gr | ||| |||| ||gre|| | ||
| 020 | |a 9602500107 ((τ.1)) | ||
| 020 | |a 9602500743 ((τ.2)) | ||
| 020 | |a 9602500751 | ||
| 035 | |l 10052080 | ||
| 040 | |a GR-MyUA |b gre |e AACR2 | ||
| 041 | 1 | |a gre |h ger | |
| 082 | 0 | |a 882.0109 | |
| 100 | 1 | |a Lesky, Albin, |d 1896-1981. | |
| 245 | 1 | 2 | |a Η τραγική ποίηση των αρχαίων Ελλήνων / |c Albin Lesky ; μετάφραση Νίκος Χ. Χουρμουζιάδης. |
| 260 | |a Αθήνα : |b Μορφωτικό Ίδρυμα Εθνικής Τραπέζης, |c 1997. | ||
| 300 | |a 457 σ. | ||
| 500 | |a Τίτλος πρωτοτύπου: Die tragische Dichtung der Hellenen. | ||
| 505 | 0 | |a Τ. 1. Από τη γέννηση του είδους ως τον Σοφοκλή -- τ. 2. Ο Ευριπίδης και το τέλος του είδους. | |
| 650 | 0 | 0 | |a Greek drama (Tragedy) |
| 700 | 1 | |a Χουρμουζιάδης, Νίκος Χ. |e trl | |
| 852 | |a INST |b LESVOS |e 19950828 |h 882.0109 LES |p 005100005133 |q 005100005133 |t BK |y 0 |z τ.1 | ||
| 852 | |a INST |b LESVOS |e 19990713 |h 882.0109 LES |p 005100019849 |q 005100019849 |t BK |y 0 |z τ.1 | ||
| 852 | |a INST |b LESVOS |e 19990713 |h 882.0109 LES |p 005100019850 |q 005100019850 |t BK |y 0 |z τ.2 | ||
| 852 | |a INST |b LESVOS |e 19950828 |h 882.0109 LES |p 005100005133 |q 005100005133 |t BK |v τ.1: |y 0 |z τ.1 | ||
| 852 | |a INST |b LESVOS |e 19990713 |h 882.0109 LES |p 005100019849 |q 005100019849 |t BK |v τ.1: |y 0 |z τ.1 | ||
| 852 | |a INST |b LESVOS |e 19990713 |h 882.0109 LES |p 005100019850 |q 005100019850 |t BK |v τ.2: |y 0 |z τ.2 | ||
| 853 | |a INST |b LESVOS |h 882.0109 LES | ||
| 909 | |a Λ |b 016659 | ||
| 909 | |a Λ |b 065481 | ||
| 909 | |a Λ |b 065482 | ||
| 922 | |a 1ΕΛΗ |b 199903 |c ΚΠΣ/ΤΚΑ |d EMVASIS | ||
| 950 | |a 117-1998-01-28 | ||
| 970 | |a ΤΖΑΦΕΡΗ |b ΕΥΑΓΓΕΛΙΑ |z 1999/07/14 | ||